000 00228nam a2200097Ia 4500
999 _c9750
_d9750
100 _aHaji, Esa Kachi
245 0 _aVision to Destiny:A Struggle Towards Success
260 _akarachi
_bJunagadh
_c2003
300 _a2008
942 _cBK